Guess the FNaF Chapter - Statistics

General Stats
  • This quiz has been taken 150 times
  • The average score is 15 of 15
Answer Stats
Hint\ Answergolden % Correct
New Leader in Fnaf 2 Toy Freddy
100%
The Bunny Bonnie
99%
Backup Singer Chica
99%
Made to Run Foxy
99%
Leader Of the Pizzaria Freddy
99%
Comes on Night 4 or 5 and kills phone guy Golden Freddy
99%
First one to come out of stage in fnaf 2 Toy Bonnie
99%
2 one to come out of stage in fnaf 2 Toy Chica
99%
Faceless Bonnie Withered Bonnie
99%
Messed up Chica Withered Chica
99%
Messed up Foxy Withered Foxy
99%
Messed up Freddy Withered Freddy
99%
Messed up Golden Freddy Withered Golden Freddy
99%
Messed up Fox Mangle
93%
Annoying Laugh Boi Balloon Boy
92%
No matching quizzes found
Score Distribution
Percent of People with Each Score
Percentile by Number Answered
Your Score History
You have not taken this quiz